La prueba en materia sustantiva civil: parte general
Salvato in:
| Autore principale: | |
|---|---|
| Natura: | Libro |
| Lingua: | spagnolo |
| Pubblicazione: |
Concepción
Universidad de Concepción
1984
|
| Soggetti: | |
| Tags: |
Aggiungi Tag
Nessun Tag, puoi essere il primo ad aggiungerne!!
|
MARC
| LEADER | 00000nam a2200000 a 4500 | ||
|---|---|---|---|
| 001 | UCY6577 | ||
| 003 | CL-VaPUC | ||
| 008 | 950529e19840000CL |||||||||||||||||spa|d | ||
| 082 | 0 | 4 | |a 347.06 |b PEÑ |2 21 |
| 100 | |a Peñailillo Arévalo, Daniel Osvaldo |e autor |9 892680 | ||
| 245 | 1 | 3 | |a La prueba en materia sustantiva civil: parte general |
| 300 | |a 146 p | ||
| 942 | |c BK | ||
| 945 | |d 19950529 00:00:00 |a aalvarez | ||
| 260 | |a Concepción |b Universidad de Concepción |c 1984 | ||
| 650 | 0 | |a Prueba |9 256247 | |
| 650 | 0 | |a Apreciación de la prueba |9 254854 | |
| 650 | 7 | |a PRUEBA CIVIL |2 CL-VaPUC |9 254855 | |
| 583 | |a last modification |c 19950529 00:00:00 |k Rodrigo Vera | ||
| 999 | |c 234133 |d 234131 | ||
| 952 | |0 0 |1 0 |4 0 |6 347_060000000000000_PEÑ_1984 |7 0 |8 A |9 240149 |a BIBDER |b BIBDER |d 2019-11-18 |i 2000539 |l 1 |o 347.06 PEÑ 1984 |p 2000539 |r 2025-04-04 |s 2025-03-31 |w 2019-11-18 |y BK |k DER | ||